Becoming vegan : (Record no. 18871)

000 -LEADER
fixed length control field 00878cam a2200205 i 4500
020 ## - INTERNATIONAL STANDARD BOOK NUMBER
ISBN 9781570672972
020 ## - INTERNATIONAL STANDARD BOOK NUMBER
ISBN 1570672970
040 ## - CATALOGING SOURCE
Transcribing agency DLC
082 00 - DEWEY DECIMAL CLASSIFICATION NUMBER
Classification number 613 NUT 1999 C153 Or.
100 1# - MAIN ENTRY--AUTHOR NAME
Personal name Davis, Brenda,
245 10 - TITLE STATEMENT
Title Becoming vegan :
Remainder of title the complete reference to plant-based nutrition /
250 ## - EDITION STATEMENT
Edition statement Comprehensive edition.
300 ## - PHYSICAL DESCRIPTION
Number of Pages ix, 611 pages :
Other physical details illustrations ;
Dimensions 26 cm
520 ## - SUMMARY, ETC.
Summary, etc Health authorities regard well-planned vegan diets as safe and adequate for people at all stages of the life cycle, including those with unique nutritional needs, such as athletes. Furthermore, research has confirmed that vegan diets protect against many chronic diseases and are remarkably effective in treating these conditions. -- from back cover.
650 #0 - SUBJECT ADDED ENTRY--TOPICAL TERM
Topical Term Veganism
650 #0 - SUBJECT ADDED ENTRY--TOPICAL TERM
Topical Term Veganism
650 #0 - SUBJECT ADDED ENTRY--TOPICAL TERM
Topical Term Nutrition
700 1# - ADDED ENTRY--PERSONAL NAME
Personal name Melina, Vesanto,
942 ## - ADDED ENTRY ELEMENTS (KOHA)
Koha item type ADB
952 ## - LOCATION AND ITEM INFORMATION (KOHA)
Withdrawn status [LOCAL, KOHA] 0
Holdings
Koha item type Source of acquisition Lost status Permanent Location Current Location Date acquired Full call number
សៀវភៅភាសាអង់គ្លេសA38852 Library Block CLibrary Block C2020-02-03613 NUT 1999 C153 Or.
មជ្ឈមណ្ឌលឯការនៃសាកលវិទ្យាល័យភូមិន្ទកសិកម្មចំការដូង

Powered by Koha